[Event "Nuremberg Zabo op 23rd"]
[Site "Nuremberg"]
[Date "2023.09.16"]
[Round "2"]
[White "Kocak, Ediz"]
[Black "Grimm, Pascal"]
[Result "0-1"]
[WhiteElo "2133"]
[BlackElo "1945"]
[PlyCount "76"]
[EventDate "2023.09.15"]
[EventType "swiss"]
[EventRounds "5"]
[EventCountry "GER"]
[SourceTitle "EXT 2024"]
[Source "ChessBase"]
[SourceDate "2023.10.10"]
[SourceVersion "1"]
[SourceVersionDate "2023.10.10"]
[SourceQuality "1"]

1. d4 e6 2. Nf3 f5 3. c4 Nf6 4. g3 Be7 5. Bg2 0-0 6. 0-0 d6 7. Nc3 a5 8. Re1 Ne4 9. Qc2 Nxc3 10. Qxc3 Nc6 11. e4 e5 12. d5 Nb4 13. Nd2 f4 14. a3 Qe8 15. b3 Na6 16. Qxa5 Qh5 17. f3 Rf6 18. Nf1 Bh3 19. g4 Qh4 20. Re2 h5 21. gxh5 Qxh5 22. Qc3 Rg6 23. Raa2 Rf8 24. Kh1 Bd7 25. b4 Bh4 26. Bd2 Bg3 27. Be1 Rh6 28. Bxg3 fxg3 29. a4 gxh2 30. c5 Bh3 31. cxd6 Bxg2+ 32. Rxg2 Rxf3 33. Qe1 cxd6 34. Ng3 Qh4 35. Raf2 Qf4 36. Nf5 Rh7 37. Ne7+ Kf7 38. Qe2 Qc1+ 0-1

[Event "Nuremberg Zabo op 23rd"]
[Site "Nuremberg"]
[Date "2023.09.15"]
[Round "1"]
[White "Schalaev, Seryozka"]
[Black "Kocak, Ediz"]
[Result "0-1"]
[WhiteElo "1760"]
[BlackElo "2133"]
[PlyCount "46"]
[EventDate "2023.09.15"]
[EventType "swiss"]
[EventRounds "5"]
[EventCountry "GER"]
[SourceTitle "EXT 2024"]
[Source "ChessBase"]
[SourceDate "2023.10.10"]
[SourceVersion "1"]
[SourceVersionDate "2023.10.10"]
[SourceQuality "1"]

1. d4 d5 2. c4 e6 3. Nf3 Nf6 4. Bg5 Be7 5. Nc3 0-0 6. e3 h6 7. Bh4 Ne4 8. Bxe7 Qxe7 9. cxd5 Nxc3 10. bxc3 exd5 11. Qb3 c6 12. c4 Be6 13. Ne5 Nd7 14. Nxd7 Qxd7 15. Rb1 b6 16. Bd3 Rac8 17. 0-0 c5 18. dxc5 Rxc5 19. cxd5 Bxd5 20. Qb2 Bxg2 21. Rfd1 Qg4 22. Qb4 Be4+ 23. Kf1 Bxd3+ 0-1

[Event "Bavaria-ch 94th"]
[Site "Rosenheim"]
[Date "2023.08.24"]
[Round "7"]
[White "Schlichtmann, Robin"]
[Black "Kocak, Ediz"]
[Result "0-1"]
[WhiteElo "2277"]
[BlackElo "2134"]
[PlyCount "52"]
[EventDate "2023.08.20"]
[EventType "tourn"]
[EventRounds "9"]
[EventCountry "GER"]
[SourceTitle "CBM 215 Extra"]
[Source "ChessBase"]
[SourceDate "2023.09.30"]
[SourceVersion "1"]
[SourceVersionDate "2023.09.30"]
[SourceQuality "1"]

1. e4 c5 2. Nf3 Nc6 3. d4 cxd4 4. Nxd4 e6 5. Nc3 Qc7 6. Be3 a6 7. a3 Nf6 8. g4 h5 9. Nxc6 Qxc6 10. gxh5 Nxe4 11. Nxe4 Qxe4 12. Rg1 Qe5 13. h6 Rxh6 14. Qd2 Bc5 15. 0-0-0 Bxe3 16. Qxe3 Qxe3+ 17. fxe3 g6 18. Rg2 d5 19. Rgd2 Bd7 20. e4 Bc6 21. exd5 Bxd5 22. c4 Bf3 23. Be2 Bxe2 24. Rxe2 Rd8 25. Rxd8+ Kxd8 26. Kc2 Rh3 0-1

[Event "Dubai op-B 23rd"]
[Site "Dubai"]
[Date "2023.06.04"]
[Round "9"]
[White "Barretto, Franz"]
[Black "Kocak, Ediz"]
[Result "0-1"]
[WhiteElo "2130"]
[BlackElo "2115"]
[PlyCount "116"]
[EventDate "2023.05.27"]
[EventType "swiss"]
[EventRounds "9"]
[EventCountry "UAE"]
[SourceTitle "CBM 214 Extra"]
[Source "ChessBase"]
[SourceDate "2023.07.31"]
[SourceVersion "1"]
[SourceVersionDate "2023.07.31"]
[SourceQuality "1"]

1. d4 d5 2. c4 e6 3. Nc3 Be7 4. cxd5 exd5 5. Bf4 c6 6. e3 Bf5 7. Bd3 Bxd3 8. Qxd3 Nf6 9. Nge2 Nbd7 10. f3 Nh5 11. Be5 Nxe5 12. dxe5 g6 13. 0-0-0 Qa5 14. e4 d4 15. Qxd4 Rd8 16. Qa4 Qc5 17. Rxd8+ Bxd8 18. Kb1 Qxe5 19. Qxa7 Qc7 20. Rd1 0-0 21. g3 Ng7 22. f4 Be7 23. Qd4 Rd8 24. Qc4 Ne6 25. f5 Rxd1+ 26. Nxd1 Ng5 27. Nf2 Qd6 28. Qc3 Bf6 29. Qe3 Qe5 30. Nc3 gxf5 31. Nd3 Qe7 32. e5 Bg7 33. Ne2 Ne6 34. Nd4 Nxd4 35. Qxd4 h6 36. a3 Qe6 37. Nc5 Qxe5 38. Qxe5 Bxe5 39. Nxb7 f4 40. gxf4 Bxf4 41. h3 Bc7 42. Kc2 f5 43. Kd3 Kf7 44. Nc5 Kf6 45. a4 Ke5 46. b4 Kd5 47. Nb3 Bb6 48. Nd2 Ba7 49. Nb1 Ke5 50. Nc3 f4 51. a5 f3 52. b5 cxb5 53. Nxb5 Kf4 54. a6 Kg3 55. Nc3 Kxh3 56. Ne4 Kg2 57. Nd2 f2 58. Ke2 h5 0-1

[Event "Dubai op-B 23rd"]
[Site "Dubai"]
[Date "2023.06.03"]
[Round "8"]
[White "Kocak, Ediz"]
[Black "George Micheal, Kevin"]
[Result "0-1"]
[WhiteElo "2115"]
[BlackElo "2149"]
[PlyCount "50"]
[EventDate "2023.05.27"]
[EventType "swiss"]
[EventRounds "9"]
[EventCountry "UAE"]
[SourceTitle "CBM 214 Extra"]
[Source "ChessBase"]
[SourceDate "2023.07.31"]
[SourceVersion "1"]
[SourceVersionDate "2023.07.31"]
[SourceQuality "1"]

1. d4 Nf6 2. c4 e6 3. g3 Bb4+ 4. Nd2 c5 5. a3 Bxd2+ 6. Qxd2 cxd4 7. Nf3 Nc6 8. Nxd4 0-0 9. b4 Ne4 10. Qe3 Qf6 11. Qxe4 d5 12. cxd5 exd5 13. Qf4 Qxd4 14. Qxd4 Nxd4 15. Ra2 Bf5 16. Bg2 Rfe8 17. e3 Rac8 18. Bd2 Nc2+ 19. Kd1 Bg4+ 20. f3 Bf5 21. Ke2 d4 22. e4 Be6 23. Rb2 Nxa3 24. Ra1 Nc4 25. Rbb1 d3+ 0-1

[Event "Dubai op-B 23rd"]
[Site "Dubai"]
[Date "2023.06.01"]
[Round "6"]
[White "Abu Azizah, Raji"]
[Black "Kocak, Ediz"]
[Result "0-1"]
[WhiteElo "2015"]
[BlackElo "2115"]
[PlyCount "114"]
[EventDate "2023.05.27"]
[EventType "swiss"]
[EventRounds "9"]
[EventCountry "UAE"]
[SourceTitle "CBM 214 Extra"]
[Source "ChessBase"]
[SourceDate "2023.07.31"]
[SourceVersion "1"]
[SourceVersionDate "2023.07.31"]
[SourceQuality "1"]

1. e4 e5 2. Nf3 Nc6 3. Bc4 Bc5 4. 0-0 Nf6 5. d3 0-0 6. a4 a6 7. Nbd2 d6 8. c3 Ba7 9. Re1 Ng4 10. Re2 Kh8 11. h3 Nh6 12. Nf1 f5 13. Bg5 Qe8 14. Bxh6 gxh6 15. d4 f4 16. N1h2 a5 17. Kh1 Bd7 18. dxe5 dxe5 19. Qb3 Rd8 20. Bd5 Bc8 21. Qb5 Ne7 22. Qxe8 Rdxe8 23. Nxe5 Nxd5 24. exd5 Bf5 25. Nhf3 Kg7 26. Rae1 Re7 27. Nh4 Bc5 28. c4 Bc8 29. Nd3 Rfe8 30. Rxe7+ Rxe7 31. Rxe7+ Bxe7 32. Nf3 Bf6 33. Nxf4 Bxb2 34. Nd3 Bc3 35. Nfe5 Kf6 36. f4 Kf5 37. c5 Bxe5 38. Nxe5 Kxf4 39. Nc4 Ke4 40. d6 Kd5 41. Nxa5 cxd6 42. cxd6 Kxd6 43. Nc4+ Kc5 44. Ne3 Kd4 45. Nc2+ Kd3 46. Ne1+ Kc3 47. Kg1 b6 48. Kf2 Bd7 49. Ke3 Bxa4 50. g4 b5 51. Nf3 b4 52. Nd2 Bc2 53. h4 Bd3 54. Nf3 b3 55. Nd2 b2 56. g5 hxg5 57. hxg5 Kc2 0-1

[Event "Dubai op-B 23rd"]
[Site "Dubai"]
[Date "2023.05.31"]
[Round "5"]
[White "Kocak, Ediz"]
[Black "Gavrilov, Maxim"]
[Result "1/2-1/2"]
[WhiteElo "2115"]
[BlackElo "2157"]
[PlyCount "60"]
[EventDate "2023.05.27"]
[EventType "swiss"]
[EventRounds "9"]
[EventCountry "UAE"]
[SourceTitle "CBM 214 Extra"]
[Source "ChessBase"]
[SourceDate "2023.07.31"]
[SourceVersion "1"]
[SourceVersionDate "2023.07.31"]
[SourceQuality "1"]

1. c4 Nf6 2. Nf3 c6 3. Nc3 d5 4. cxd5 cxd5 5. d4 Nc6 6. Bf4 a6 7. Rc1 e6 8. e3 Bd6 9. Bxd6 Qxd6 10. Be2 0-0 11. 0-0 b5 12. a4 b4 13. Nb1 Bd7 14. Nbd2 Na5 15. Ne5 Rfc8 16. Nd3 Nb7 17. Ra1 a5 18. Nb3 Be8 19. f3 Rc7 20. Qd2 Nd7 21. Rfc1 Rac8 22. Rxc7 Rxc7 23. Rc1 f6 24. Rxc7 Qxc7 25. Qc1 Qxc1+ 26. Nbxc1 Kf8 27. Kf2 Ke7 28. h4 Kd6 29. Bd1 Nb6 30. b3 Bg6 1/2-1/2

[Event "Dubai op-B 23rd"]
[Site "Dubai"]
[Date "2023.05.29"]
[Round "3"]
[White "Kocak, Ediz"]
[Black "Sabirova, Shakhnoza"]
[Result "1-0"]
[WhiteElo "2115"]
[BlackElo "1962"]
[PlyCount "37"]
[EventDate "2023.05.27"]
[EventType "swiss"]
[EventRounds "9"]
[EventCountry "UAE"]
[SourceTitle "CBM 214 Extra"]
[Source "ChessBase"]
[SourceDate "2023.07.31"]
[SourceVersion "1"]
[SourceVersionDate "2023.07.31"]
[SourceQuality "1"]

1. d4 Nf6 2. Nf3 g6 3. Bf4 Bg7 4. c3 d6 5. Nbd2 0-0 6. e4 Nfd7 7. h4 e5 8. Bg5 Qe8 9. h5 exd4 10. Nxd4 Nc5 11. hxg6 hxg6 12. Qe2 d5 13. f3 Nc6 14. Qe3 Nxd4 15. cxd4 Ne6 16. Bh6 Nxd4 17. Bxg7 Nc2+ 18. Kf2 Nxe3 19. Bf6 1-0

[Event "Mittelfrank Regionalliga Nord-Ost 2223"]
[Site "Mittelfranken"]
[Date "2023.01.15"]
[Round "5.1"]
[White "Oberhofer, Cedric"]
[Black "Kocak, Ediz"]
[Result "1-0"]
[WhiteElo "2295"]
[BlackElo "2194"]
[PlyCount "111"]
[EventDate "2022.10.09"]
[EventType "team-tourn"]
[EventRounds "9"]
[EventCountry "GER"]
[SourceTitle "EXT 2024"]
[Source "ChessBase"]
[SourceDate "2023.10.10"]
[SourceVersion "1"]
[SourceVersionDate "2023.10.10"]
[SourceQuality "1"]
[WhiteTeam "Regensburg Bavaria II"]
[BlackTeam "Fuerth SG"]
[WhiteTeamCountry "GER"]
[BlackTeamCountry "GER"]

1. c4 e6 2. g3 d5 3. Bg2 Nf6 4. Nf3 d4 5. 0-0 Be7 6. e3 Nc6 7. exd4 Nxd4 8. Ne5 Nd7 9. Nxd7 Bxd7 10. Nc3 Bc6 11. d3 Bxg2 12. Kxg2 Qd7 13. Be3 Qc6+ 14. f3 Nf5 15. Bf2 Rd8 16. Qe2 Bc5 17. Rad1 Bxf2 18. Qxf2 0-0 19. Rfe1 a6 20. b3 Nd4 21. Re4 Qd6 22. Ne2 Nxe2 23. Rxe2 c5 24. Qe3 Rd7 25. Qe5 Qb6 26. Qc3 Rfd8 27. a3 h6 28. Re4 Qc6 29. b4 b6 30. Rd2 Qd6 31. Kf2 Qc6 32. Kg2 Kf8 33. Kf2 Qd6 34. Kg2 Qc6 35. Kf2 Rd6 36. Ke2 Qd7 37. bxc5 bxc5 38. Re5 Qc7 39. Re4 Qd7 40. Qa5 Kg8 41. Re3 Rc6 42. Rb2 Qd4 43. Rb3 Rd7 44. Qe1 Rcc7 45. Qb1 h5 46. Rb6 a5 47. Qb2 Qxb2+ 48. Rxb2 Rb7 49. Rb5 Rxb5 50. cxb5 Rd5 51. Re4 Kf8 52. Ra4 Ke7 53. Rxa5 Kd6 54. Ra6+ Ke5 55. Ke3 Rd7 56. b6 1-0

[Event "Sitges Sunway op 9th"]
[Site "Sitges"]
[Date "2022.12.20"]
[Round "8"]
[White "Kocak, Ediz"]
[Black "Benmesbah, Natacha"]
[Result "0-1"]
[WhiteElo "2115"]
[BlackElo "2268"]
[PlyCount "30"]
[EventDate "2022.12.12"]
[EventType "swiss"]
[EventRounds "10"]
[EventCountry "ESP"]
[SourceTitle "CBM 211 Extra"]
[Source "ChessBase"]
[SourceDate "2023.01.31"]
[SourceVersion "1"]
[SourceVersionDate "2023.01.31"]
[SourceQuality "1"]

1. d4 d6 2. e4 Nf6 3. Nc3 e5 4. dxe5 dxe5 5. Qxd8+ Kxd8 6. Bc4 Ke8 7. f4 Bd6 8. Nf3 Nbd7 9. Bd2 a6 10. 0-0-0 h6 11. a4 Ng4 12. Rde1 exf4 13. e5 Ngxe5 14. Bxf4 f6 15. Be6 Nxf3 0-1

[Event "Sitges Sunway op 9th"]
[Site "Sitges"]
[Date "2022.12.17"]
[Round "6"]
[White "Kocak, Ediz"]
[Black "Karadzhov, Ivan"]
[Result "1/2-1/2"]
[WhiteElo "2115"]
[BlackElo "2024"]
[PlyCount "83"]
[EventDate "2022.12.12"]
[EventType "swiss"]
[EventRounds "10"]
[EventCountry "ESP"]
[SourceTitle "CBM 211 Extra"]
[Source "ChessBase"]
[SourceDate "2023.01.31"]
[SourceVersion "1"]
[SourceVersionDate "2023.01.31"]
[SourceQuality "1"]

1. d4 d5 2. Nf3 Nf6 3. c4 c6 4. cxd5 cxd5 5. Nc3 Nc6 6. Bf4 a6 7. e3 Bg4 8. Rc1 e6 9. Qb3 Bxf3 10. gxf3 Na5 11. Qa4+ Nc6 12. Qb3 Na5 13. Qa4+ Nc6 14. Rg1 Nh5 15. Bg5 f6 16. Bh4 g5 17. Bg3 Nxg3 18. hxg3 Bd6 19. Rh1 h5 20. Bd3 Kf7 21. Qc2 Rh6 22. a3 Kg7 23. Ke2 Rc8 24. b4 e5 25. Bf5 Rc7 26. Qa2 Ne7 27. Be6 exd4 28. exd4 f5 29. Bxd5 h4 30. f4 g4 31. Bb3 hxg3 32. Rxh6 Bxf4 33. Qa1 Bxh6 34. d5 Kg6 35. Ne4 fxe4 36. Qe5 Rxc1 37. Qe6+ Kh7 38. Qf7+ Bg7 39. Qh5+ Bh6 40. Qf7+ Bg7 41. Qh5+ Bh6 42. Qf7+ 1/2-1/2

[Event "Sitges Sunway op 9th"]
[Site "Sitges"]
[Date "2022.12.16"]
[Round "5"]
[White "Ilamparthi, AR."]
[Black "Kocak, Ediz"]
[Result "1-0"]
[WhiteElo "2336"]
[BlackElo "2115"]
[PlyCount "81"]
[EventDate "2022.12.12"]
[EventType "swiss"]
[EventRounds "10"]
[EventCountry "ESP"]
[SourceTitle "CBM 211 Extra"]
[Source "ChessBase"]
[SourceDate "2023.01.31"]
[SourceVersion "1"]
[SourceVersionDate "2023.01.31"]
[SourceQuality "1"]

1. e4 e5 2. Nf3 Nc6 3. d3 Nf6 4. g3 d5 5. exd5 Nxd5 6. Bg2 Bd6 7. 0-0 0-0 8. Re1 Re8 9. Nc3 Nxc3 10. bxc3 Bf5 11. Rb1 Rb8 12. Nd2 Qd7 13. Ne4 Bf8 14. Be3 b6 15. Qc1 f6 16. Qb2 Rbd8 17. Rbd1 Kh8 18. Nd2 Bg4 19. Rb1 Bh3 20. Bh1 Be6 21. Rbd1 Bg4 22. Rb1 Be6 23. Ne4 f5 24. Ng5 Bd5 25. Bxd5 Qxd5 26. c4 Qd7 27. Qb5 a6 28. Qa4 h6 29. Nf7+ Qxf7 30. Qxc6 Re6 31. Qb7 e4 32. Rxb6 f4 33. Rxe6 fxe3 34. Rxe3 Qxe6 35. Qxc7 Qf6 36. Rxe4 Bd6 37. Qc6 Qa1+ 38. Kg2 Qxa2 39. Qb6 Rd7 40. Re8+ Kh7 41. Qc6 1-0

[Event "Benidorm op-A"]
[Site "Benidorm"]
[Date "2022.12.09"]
[Round "7"]
[White "Kocak, Ediz"]
[Black "Goossens, Hanne"]
[Result "0-1"]
[WhiteElo "2115"]
[BlackElo "2204"]
[PlyCount "76"]
[EventDate "2022.12.03"]
[EventType "swiss"]
[EventRounds "9"]
[EventCountry "ESP"]
[SourceTitle "CBM 211 Extra"]
[Source "ChessBase"]
[SourceDate "2023.01.31"]
[SourceVersion "1"]
[SourceVersionDate "2023.01.31"]
[SourceQuality "1"]

1. e4 e5 2. Bc4 Nf6 3. d3 Bc5 4. Nf3 Nc6 5. c3 d6 6. a4 a5 7. 0-0 0-0 8. Nbd2 Ba7 9. Re1 Ng4 10. Re2 Kh8 11. h3 Nh6 12. Nf1 f5 13. N1h2 f4 14. d4 Qf6 15. b3 exd4 16. cxd4 Nxd4 17. Nxd4 Bxd4 18. Rb1 Be5 19. Nf3 Nf7 20. Qc2 Ng5 21. Nxe5 dxe5 22. f3 Bxh3 23. Bb2 Bd7 24. Qc3 Qb6+ 25. Kf1 Rae8 26. Rd1 Bc6 27. Bd5 Nf7 28. Ba3 Bxd5 29. Rxd5 Rg8 30. Rd7 Nd8 31. Red2 Qa6+ 32. Kg1 c6 33. Qc5 Ne6 34. Qxe5 Qb6+ 35. Kh2 Qxb3 36. Bb2 c5 37. Qh5 Rd8 38. Bxg7+ Nxg7 0-1

[Event "Mittelfrank Regionalliga Nord-Ost 2223"]
[Site "Mittelfranken"]
[Date "2022.11.27"]
[Round "3.1"]
[White "Kocak, Ediz"]
[Black "Haba, Zdenek"]
[Result "1-0"]
[WhiteElo "2194"]
[BlackElo "2218"]
[PlyCount "37"]
[EventDate "2022.10.09"]
[EventType "team-tourn"]
[EventRounds "9"]
[EventCountry "GER"]
[SourceTitle "EXT 2024"]
[Source "ChessBase"]
[SourceDate "2023.10.10"]
[SourceVersion "1"]
[SourceVersionDate "2023.10.10"]
[SourceQuality "1"]
[WhiteTeam "Fuerth SG"]
[BlackTeam "Windischeschenbach"]
[WhiteTeamCountry "GER"]
[BlackTeamCountry "GER"]

1. e4 c5 2. Nf3 e6 3. d4 cxd4 4. Nxd4 a6 5. c4 Nf6 6. Nc3 d6 7. Be2 Be7 8. 0-0 0-0 9. Be3 Nbd7 10. f4 Qc7 11. Rc1 b6 12. Bf3 Bb7 13. Qe2 Rac8 14. g4 Qxc4 15. Qd2 Qc7 16. Nd5 Qd8 17. Rxc8 Bxc8 18. Nc6 Qe8 19. Nc7 1-0

[Event "Mittelfrank Regionalliga Nord-Ost 2223"]
[Site "Mittelfranken"]
[Date "2022.10.23"]
[Round "2.1"]
[White "Mohylnyi, Stepan"]
[Black "Kocak, Ediz"]
[Result "1/2-1/2"]
[WhiteElo "2028"]
[BlackElo "2194"]
[PlyCount "101"]
[EventDate "2022.10.09"]
[EventType "team-tourn"]
[EventRounds "9"]
[EventCountry "GER"]
[SourceTitle "EXT 2024"]
[Source "ChessBase"]
[SourceDate "2023.10.10"]
[SourceVersion "1"]
[SourceVersionDate "2023.10.10"]
[SourceQuality "1"]
[WhiteTeam "Nuernberg Noris Tarrasch III"]
[BlackTeam "Fuerth SG"]
[WhiteTeamCountry "GER"]
[BlackTeamCountry "GER"]

1. d4 d5 2. c4 e6 3. Nc3 Be7 4. Nf3 Nf6 5. Bg5 h6 6. Bh4 0-0 7. e3 Nbd7 8. Be2 dxc4 9. Bxc4 c5 10. 0-0 cxd4 11. exd4 Nb6 12. Bb3 Bd7 13. Ne5 Be8 14. Qd3 Nbd5 15. Nxd5 Nxd5 16. Bxe7 Nxe7 17. Rfd1 Rc8 18. Bc2 g6 19. Rac1 Bc6 20. Qd2 Kg7 21. Ng4 Rh8 22. Qf4 Nd5 23. Qe5+ Kh7 24. Be4 Qg5 25. Qxg5 hxg5 26. Bxd5 Bxd5 27. Nf6+ Kg7 28. Nxd5 exd5 29. h3 Kf6 30. f3 Rhe8 31. Kf2 Kf5 32. Re1 Rxe1 33. Rxe1 f6 34. Ke3 Rc6 35. Re2 a5 36. Re1 a4 37. g4+ Ke6 38. Kd3+ Kd7 39. b3 axb3 40. axb3 Rc8 41. Kd2 Rh8 42. Rh1 Kc6 43. Rc1+ Kb6 44. Re1 Kb5 45. Re6 f5 46. Rxg6 Rxh3 47. gxf5 Rxf3 48. Rxg5 Kb4 49. Ke2 Rf4 50. Ke3 Rf1 51. Ke2 1/2-1/2

[Event "Mittelfrank Regionalliga Nord-Ost 2223"]
[Site "Mittelfranken"]
[Date "2022.10.09"]
[Round "1.1"]
[White "Kocak, Ediz"]
[Black "Krivanek, Vladimir"]
[Result "1-0"]
[WhiteElo "2194"]
[BlackElo "2146"]
[PlyCount "65"]
[EventDate "2022.10.09"]
[EventType "team-tourn"]
[EventRounds "9"]
[EventCountry "GER"]
[SourceTitle "EXT 2024"]
[Source "ChessBase"]
[SourceDate "2023.10.10"]
[SourceVersion "1"]
[SourceVersionDate "2023.10.10"]
[SourceQuality "1"]
[WhiteTeam "Fuerth SG"]
[BlackTeam "Heng Postbauer"]
[WhiteTeamCountry "GER"]
[BlackTeamCountry "GER"]

1. d4 c5 2. d5 f5 3. e4 fxe4 4. Nc3 Nf6 5. Nge2 a6 6. Ng3 e6 7. Ngxe4 Nxe4 8. Nxe4 Be7 9. d6 Bf6 10. Qh5+ g6 11. Qxc5 Nc6 12. c3 b6 13. Qe3 Bb7 14. Be2 Ne5 15. Nxf6+ Qxf6 16. 0-0 b5 17. Qg3 Nf7 18. a4 Qf5 19. axb5 axb5 20. Rxa8+ Bxa8 21. Rd1 0-0 22. Qd3 Ne5 23. Qxf5 Rxf5 24. f4 Nc4 25. b3 Na5 26. g4 Rd5 27. Rxd5 Bxd5 28. Bxb5 Bxb3 29. Bxd7 Kf7 30. Ba3 Nc4 31. Bc5 Nd2 32. Bc6 e5 33. d7 1-0

[Event "Mittelfrank Regionalliga Nord-Ost 2122"]
[Site "Mittelfranken"]
[Date "2021.11.14"]
[Round "2.1"]
[White "Sattler, Stefan"]
[Black "Kocak, Ediz"]
[Result "1-0"]
[WhiteElo "2076"]
[BlackElo "2084"]
[PlyCount "55"]
[EventDate "2021.10.24"]
[EventType "team-tourn"]
[EventRounds "9"]
[EventCountry "GER"]
[SourceTitle "EXT 2024"]
[Source "ChessBase"]
[SourceDate "2023.10.10"]
[SourceVersion "1"]
[SourceVersionDate "2023.10.10"]
[SourceQuality "1"]
[WhiteTeam "Herzogenaurach II"]
[BlackTeam "Fuerth SG"]
[WhiteTeamCountry "GER"]
[BlackTeamCountry "GER"]

1. e4 c5 2. Nf3 e6 3. c3 Nf6 4. e5 Nd5 5. Bc4 d6 6. exd6 Bxd6 7. d4 0-0 8. 0-0 Nc6 9. Re1 b6 10. Bg5 Qd7 11. dxc5 Bxc5 12. Nbd2 h6 13. Bh4 Re8 14. Nb3 Bb7 15. Nxc5 bxc5 16. Bg3 Rad8 17. Qe2 Nb6 18. Rad1 Qe7 19. Bd3 Nd7 20. Bd6 Qf6 21. Qe4 g6 22. Qe3 e5 23. Be4 Kg7 24. Bc7 Rc8 25. Rxd7 Qe6 26. Bxe5+ Nxe5 27. Rxb7 Nc4 28. Qc1 1-0

[Event "Bayern-ch 92th"]
[Site "Lichtenfels"]
[Date "2021.08.23"]
[Round "3"]
[White "Boehme, Markus"]
[Black "Kocak, Ediz"]
[Result "1-0"]
[WhiteElo "2114"]
[BlackElo "1996"]
[PlyCount "63"]
[EventDate "2021.08.22"]
[EventType "swiss"]
[EventRounds "9"]
[EventCountry "GER"]
[SourceTitle "EXT 2023"]
[Source "ChessBase"]
[SourceDate "2022.10.05"]
[SourceVersion "1"]
[SourceVersionDate "2022.10.05"]
[SourceQuality "1"]

1. e4 c5 2. Nf3 e6 3. d4 cxd4 4. Nxd4 a6 5. Nc3 Qc7 6. g3 b5 7. Bg2 Bb7 8. 0-0 Nf6 9. Re1 d6 10. a4 b4 11. Nd5 exd5 12. exd5+ Kd8 13. Bg5 Nbd7 14. Qe2 Qb6 15. c3 Rc8 16. a5 Qc5 17. Rac1 b3 18. Nc6+ Bxc6 19. dxc6 Rxc6 20. Bxc6 Qxc6 21. Qe8+ Kc7 22. Qxf7 Kb8 23. Qxb3+ Ka8 24. Bxf6 Nxf6 25. Re6 h5 26. h4 g5 27. Rxf6 gxh4 28. gxh4 Be7 29. Rg6 Bxh4 30. Rg8+ Rxg8+ 31. Qxg8+ Ka7 32. Qf7+ 1-0

[Event "Bayern-ch 92th"]
[Site "Lichtenfels"]
[Date "2021.08.23"]
[Round "2"]
[White "Kanewski, Josef"]
[Black "Kocak, Ediz"]
[Result "0-1"]
[WhiteElo "2084"]
[BlackElo "1996"]
[PlyCount "70"]
[EventDate "2021.08.22"]
[EventType "swiss"]
[EventRounds "9"]
[EventCountry "GER"]
[SourceTitle "EXT 2023"]
[Source "ChessBase"]
[SourceDate "2022.10.05"]
[SourceVersion "1"]
[SourceVersionDate "2022.10.05"]
[SourceQuality "1"]

1. d4 d5 2. c4 e6 3. Nc3 Be7 4. Nf3 Nf6 5. cxd5 exd5 6. Bg5 c6 7. Qc2 g6 8. e3 Bf5 9. Bd3 Bxd3 10. Qxd3 Nbd7 11. 0-0 0-0 12. Bh6 Re8 13. h3 Bd6 14. Rab1 a5 15. Nd2 Qe7 16. Rfe1 Ne4 17. f3 Nxc3 18. bxc3 Qh4 19. e4 Bg3 20. Re2 Qxh6 21. Rxb7 Nf6 22. Nf1 Nh5 23. Reb2 Rab8 24. e5 Rxb7 25. Rxb7 Qc1 26. Rb1 Qg5 27. Qa6 Nf4 28. Rb2 Bf2+ 29. Kxf2 Qxg2+ 30. Ke3 Qxb2 31. Kxf4 Qxc3 32. Qa7 Qc1+ 33. Ne3 g5+ 34. Kxg5 Qxe3+ 35. f4 Qg3+ 0-1

[Event "Prague Summer op-A 8th"]
[Site "Prague"]
[Date "2021.08.08"]
[Round "3"]
[White "Kocak, Ediz"]
[Black "Nemec, Pavel"]
[Result "0-1"]
[WhiteElo "1996"]
[BlackElo "2213"]
[PlyCount "48"]
[EventDate "2021.08.06"]
[EventType "swiss"]
[EventRounds "9"]
[EventCountry "CZE"]
[SourceTitle "CBM 203 Extra"]
[Source "ChessBase"]
[SourceDate "2021.09.30"]
[SourceVersion "1"]
[SourceVersionDate "2021.09.30"]
[SourceQuality "1"]

1. d4 Nf6 2. Bf4 d5 3. e3 e6 4. Nd2 Bd6 5. Ngf3 Bxf4 6. exf4 b6 7. c3 0-0 8. a4 c5 9. a5 Nc6 10. a6 c4 11. Ne5 Qc7 12. Qf3 b5 13. Be2 Rb8 14. Bd1 Ne7 15. Bc2 Ne8 16. b4 Rb6 17. Qh3 g6 18. Qf3 f6 19. Ng4 e5 20. fxe5 fxe5 21. Qg3 exd4 22. Ne5 d3 23. Bd1 Nf5 24. Qf4 Nh4 0-1

[Event "Mittelfranken-chTB1 1819"]
[Site "Mittelfranken"]
[Date "2019.03.31"]
[Round "8.1"]
[White "Leis, Stefan"]
[Black "Kocak, Ediz"]
[Result "0-1"]
[WhiteElo "1936"]
[BlackElo "2044"]
[PlyCount "70"]
[EventDate "2018.10.14"]
[EventType "team-tourn"]
[EventRounds "9"]
[EventCountry "GER"]
[SourceTitle "EXT 2022"]
[Source "ChessBase"]
[SourceDate "2021.10.06"]
[SourceVersion "1"]
[SourceVersionDate "2021.10.06"]
[SourceQuality "1"]
[WhiteTeam "Muehlhof/Schwabach"]
[BlackTeam "Fuerth SG"]
[WhiteTeamCountry "GER"]
[BlackTeamCountry "GER"]

1. g3 d5 2. Bg2 Nf6 3. c4 d4 4. d3 e5 5. Nf3 Nc6 6. 0-0 Be7 7. a3 a5 8. e3 0-0 9. exd4 exd4 10. h3 h6 11. b3 Bf5 12. Ra2 Nd7 13. Re2 Nc5 14. Ne1 Re8 15. f4 h5 16. Rff2 Qd6 17. Kh2 Qg6 18. Bf1 Bxd3 19. Nxd3 Qxd3 20. Nd2 Qf5 21. Nf3 Qd3 22. Rd2 Qxb3 23. Nxd4 Qxd1 24. Rxd1 Rad8 25. Bb2 Bf6 26. Rfd2 Ne4 27. Rd3 Nf2 28. Nxc6 Rxd3 29. Rxd3 Nxd3 30. Bxf6 gxf6 31. Nxa5 Nc5 32. Bg2 c6 33. a4 Ra8 34. Nxb7 Nxb7 35. Bxc6 Ra7 0-1

[Event "Mittelfranken-chTB1 1819"]
[Site "Mittelfranken"]
[Date "2019.03.17"]
[Round "7.1"]
[White "Kocak, Ediz"]
[Black "Fink, Martin"]
[Result "1-0"]
[WhiteElo "2044"]
[BlackElo "1879"]
[PlyCount "84"]
[EventDate "2018.10.14"]
[EventType "team-tourn"]
[EventRounds "9"]
[EventCountry "GER"]
[SourceTitle "EXT 2022"]
[Source "ChessBase"]
[SourceDate "2021.10.06"]
[SourceVersion "1"]
[SourceVersionDate "2021.10.06"]
[SourceQuality "1"]
[WhiteTeam "Fuerth SG"]
[BlackTeam "Heideck/Hilpoltstein"]
[WhiteTeamCountry "GER"]
[BlackTeamCountry "GER"]

1. e4 e6 2. Nf3 d5 3. Nc3 d4 4. Ne2 c5 5. c3 Nc6 6. cxd4 cxd4 7. Qa4 Bc5 8. b4 Bxb4 9. Nexd4 Qa5 10. Bb5 Bd7 11. Rb1 Qxa4 12. Bxa4 Nxd4 13. Bxd7+ Kxd7 14. Nxd4 Bc5 15. Nf3 Rb8 16. Ne5+ Ke8 17. d4 Bb6 18. Nc4 Bc7 19. Ba3 Kd7 20. Ne5+ Ke8 21. 0-0 f6 22. Rfc1 Bb6 23. Nc4 Bxd4 24. Nd6+ Kd7 25. Nf7 Nh6 26. Nxh8 b6 27. Rd1 e5 28. Bb2 Rxh8 29. Bxd4 exd4 30. Rxd4+ Ke6 31. Rc1 Nf7 32. f4 Rd8 33. Rxd8 Nxd8 34. Rc7 a5 35. Rxg7 h6 36. Kf2 b5 37. Ra7 Nc6 38. Ra6 Kd6 39. e5+ fxe5 40. f5 Kc7 41. f6 Kb7 42. Rxc6 Kxc6 1-0